| 000 | 00678nam a2200205 i 4500 | ||
|---|---|---|---|
| 001 | 186515 | ||
| 003 | SpMaBN | ||
| 005 | 20251015190809.0 | ||
| 008 | 161121s2004 sp ao c |||| |dspa d | ||
| 080 | _a7.036 | ||
| 245 | 0 | 0 |
_aFiles _b: un proyecto de Octavio Zaya = a proyect by Octavio Zaya. |
| 260 |
_a[León] : _bMUSAC, _c[2004] |
||
| 300 |
_a604 p. : _bprincipalmente il., fot. col. y n. ; _c23 cm. |
||
| 546 | _aTexto en español e inglés. | ||
| 650 | 7 |
_aArte- _yS.XX _2 _9141916 |
|
| 700 | 1 |
_aZaya, Octavio, _d1954- _9161339 |
|
| 710 | 2 |
_aMuseo de Arte Contemporáneo de Castilla y León. _9161295 |
|
| 852 |
_aES-MaACL _jL-30859 |
||
| 999 |
_c186515 _d186515 |
||